Bir giden bir gelen bir bekleyen (Record no. 8516)

MARC details
000 -BAŞLIK
Sabit Uzunlukta Kontrol Alanı 00749na a2200253 4500
001 - KONTROL NUMARASI
Denetim Alanı 15486
003 - KONTROL NUMARASI IDENTIFIER
Denetim Alanı MIRAKIL
005 - SON İŞLEM TARİHİ VE ZAMANI
Denetim Alanı 20181213155215.0
008 - SABİT-BOY VERİ ELEMANLARI - GENEL BİLGİLER
Sabit Uzunlukta Kontrol Alanı 170207b tu 000 0
020 ## - ULUSLARARASI STANDART KİTAP NUMARASI
Uluslararası Standart Kitap Numarası 9754948747
035 ## - SİSTEM KONTROL NUMARASI
Sistem Kontrol Numarası 15486
040 ## - KATALOGLAMA KAYNAK
Orijinal Kataloglama Ajansı Milas
Kataloglama Dili tur
Metne Dönüştürmek Ajansı TR-AnCHP
041 ## - DİL KODU
Metin / Ses Parça Veya Ayrı Başlığın Dil Kodu tur
082 ## - DEWEY ONLU SINIFLANDIRMA NUMARASI
Sınıflandırma Numarası 320.9561
Ürün Numarası A61b 2000
090 ## - SINIFLAMA NUMARASI
Sınıflama Numarası 320.9561 A61b 2000
100 ## - ANA GİRİŞ - KİŞİSEL İSİM
Kişisel Ad Arcayürek, Cüneyt
Bir Adıyla İlişkilendirilen Tarihler 1928 - 2015
245 ## - BAŞLIK TABLOSU
Başlık Bir giden bir gelen bir bekleyen
Sorumluluk Tablosu, Vb Cüneyt Arcayürek
260 ## - YAYIN, DAĞITIM, VB
Yayın, Dağıtım, Vb Yeri Ankara
Yayıncı, Dağıtıcı, Vs Adı Bilgi yayınevi
Yayın, Dağıtım, Vb Tarihi 2000
300 ## - FİZİKSEL TANIM
Kapsam 487 s.
Boyutlar 20 sm.
490 ## - SERİSİ TABLOSU
Seri Beyanı Büyüklere masallar küçüklere gerçekler
Hacim / Ardışık Tanımı 2
650 ## - KONU KATMA GİRİŞ - TOPİKAL DÖNEM
Topikal Süreli Veya Coğrafi Ad Giriş Elemanı Siyaset ve yönetim
Genel Alt Bölümü Devlet adamları
Coğrafi Alt Bölümü Türkiye
650 ## - KONU KATMA GİRİŞ - TOPİKAL DÖNEM
Topikal Süreli Veya Coğrafi Ad Giriş Elemanı Siyasal bilimler
Genel Alt Bölümü Türkiye
Kronolojik Alt Bölümü 1980 -
942 ## - EKLENDİ GİRİŞ ELEMANLARI (KOHA)
Sınıflandırma Veya Raf Düzeni Kaynak Dewey Decimal Classification
Koha Öğesi Türü Books
999 ## - SİSTEM KONTROL NUMARALARI (KOHA)
Koha Biblionumber 8516
Koha Biblioitemnumber 8516
Holdings
Kalıcı Konum Mevcut Konum Edinme Tarihi Edinim Kaynak Toplam Check-Out'Lar Tam Çağrı Numarası Barkod Tarih Son Görülme İtibaren Geçerli Fiyatlar Koha Öğesi Türü
CHP Kütüphanesi CHP Kütüphanesi 09/10/2016 Bağış   320.9561 A61b 2000 005553 09/10/2016 09/10/2016 Books